ნორმალური ფორმატი
MARC ფორმატი
ჩანაწერი Corporate Name
ჩანაწერთა რაოდენობა, რომელიც გამოყენებულია: 1
001 - CONTROL NUMBER
- control field: 4860
003 - CONTROL NUMBER IDENTIFIER
- control field: GE_BSU
005 - DATE AND TIME OF LATEST TRANSACTION
- control field: 20191018163056.0
008 - FIXED-LENGTH DATA ELEMENTS
- fixed length control field: 191018|| aca||aabn | a|a d
040 ## - CATALOGING SOURCE
- Original cataloging agency: GE_BSU
- Transcribing agency: GE_BSU
110 ## - HEADING--CORPORATE NAME
- Corporate name or jurisdiction name as entry element: Ministry of Educat. a. Culture of Abkhazia; Inst. of History a. Ethnology of Iv. Javakhishvili;
670 ## - SOURCE DATA FOUND
- Source citation: Work cat.: (GE_BSU)38502: Assays from the History of Georgia :
